Procesos colectivos y legitimacin̤ Un necesario salto hacia el futuro /

Bibliographic Details
Main Author: Corominas Bach, Sergi
Format: eBook
Language:Spanish
Published: Madrid: Marcial Pons, 2018
Subjects:
Online Access:Acceso restringido

MARC

LEADER 00000nam a22000007a 4500
005 20211103211825.0
007 cr|||| ||||
008 211103s2018 es |||||s|||| 00||0 spa d
020 |a 978-84-9123-724-2 
035 |z 33652 
040 |a vLex 
090 |c 12632  |d 12632 
100 1 |a Corominas Bach, Sergi 
245 1 0 |a Procesos colectivos y legitimacin̤  |h [Recurso electrn̤ico] :  |b Un necesario salto hacia el futuro /  |c Sergi Corominas Bach 
256 |a Servicio en ln̕ea 
260 |a Madrid:  |b Marcial Pons,  |c 2018 
300 |a 1 recurso electrn̤ico 
500 |a A pesar de todos los actos comunitarios dictados hasta la fecha, el reciente Informe de la Comisin̤ Europea sobre la implementacin̤ de los mecanismos de tutela colectiva en los Estados miembros revela una aplicacin̤ dispar de la normativa de proteccin̤ de los consumidores y usuarios en la Unin̤ Europea. Las diferencias intracomunitarias entre las instituciones procesales que permiten una reparacin̤ de los daǫs masivos en un n︢ico procedimiento inciden, indudablemente, en la efectividad del sistema de acciones colectivas europeo, tambiň conocido, en palabras de la Comisin̤, como collective redress. La presente monografa̕ responde a la necesidad de un estudio profundo y pormenorizado de estas instituciones procesales y lo hace con el tratamiento de la pieza clave para el establecimiento de un sistema de tutela colectiva eficaz: la legitimacin̤. No obstante, la obra va ms̀ all ̀del estudio de los sujetos legitimados en un sistema de tutela colectiva desde un punto de vista cls̀ico. A partir del elemento econm̤ico inherente en las class actions norteamericanas, aporta una visin̤ sin precedente de la legitimacin̤ para la efectividad de un sistema de tutela colectiva. El examen inicial y exhaustivo de la regulacin̤ espaǫla de esta institucin̤ es, pues, solo la antesala del anl̀isis comparado de la legitimacin̤ en los mecanismos colectivos de Italia, Estados Unidos y Brasil. Esta investigacin̤ desemboca en un modelo de legitimacin̤ para un sistema europeo de tutela colectiva y pone de manifiesto la ineludible rotura de los mr̀genes del proceso civil actual para la tutela efectiva de los intereses colectivos. 
506 1 |a Disponible solo en los productos indicados  |d vLex Global  |d vLex Global (Academic Edition, excluding Law Schools)  |d vLex Global (U.S. Academic Edition, Law Schools)  |d vLex Global (U.S. Academic Edition, excluding Law Schools)  |d vLex Global (Academic Edition, Law Schools) 
650 0 4 |a Derecho Constitucional  |z Espaą 
740 0 |a vLex Libros (Servicio en ln̕ea) 
856 4 0 |u https://app.vlex.com/#/sources/33652  |z Acceso restringido 
942 |c BOOK 
999 0 |a Constitutional right